[Event "Winnipeg TNT September op"]
[Site "Winnipeg CAN"]
[Date "2017.09.12"]
[Round "2"]
[White "Wiebe, Isaac"]
[Black "Myrzaibraimova, Aibike"]
[Result "1-0"]
[WhiteElo "2241"]
[BlackElo "1550"]
[WhiteFideId "-1"]
[WhiteFideId "-1"]
[PlyCount "85"]
[GameId "2160767908347045"]
[EventDate "2017.09.05"]
[EventType "swiss"]
[EventRounds "4"]
[EventCountry "CAN"]
[SourceTitle "EXT 2022"]
[Source "ChessBase"]
[SourceDate "2021.10.06"]
[SourceVersion "1"]
[SourceVersionDate "2021.10.06"]
[SourceQuality "1"]

1. d4 d5 2. Bf4 Nf6 3. Nc3 Bf5 4. f3 g6 5. Qd2 h5 6. O-O-O Nc6 7. e4 Qd7 8. exf5 Qxf5 9. Bd3 Qd7 10. Nge2 O-O-O 11. Kb1 Kb8 12. Bb5 a6 13. Ba4 e6 14. Bxc6 Qxc6 15. Be5 Bg7 16. Qf4 Ne8 17. Bxg7 Nxg7 18. Nc1 f5 19. Nd3 Ne8 20. Ne5 Qd6 21. Nxg6 Qxf4 22. Nxf4 Rh6 23. Rhe1 Ng7 24. Re5 Rd6 25. Rde1 c6 26. Na4 Kc7 27. Nc5 b6 28. Ncxe6+ Nxe6 29. Rxe6 Rdxe6 30. Rxe6 Rxe6 31. Nxe6+ Kd6 32. Ng7 c5 33. Nxf5+ Ke6 34. dxc5 bxc5 35. Ng7+ Ke5 36. Nxh5 Kf5 37. g4+ Ke5 38. f4+ Ke4 39. f5 c4 40. f6 d4 41. f7 Ke3 42. f8=Q Ke4 43. Qf4+ 1-0

[Event "Winnipeg TNT September op"]
[Site "Winnipeg CAN"]
[Date "2017.09.19"]
[Round "3"]
[White "Einarsson, Ken"]
[Black "Wiebe, Isaac"]
[Result "0-1"]
[WhiteElo "1768"]
[BlackElo "2241"]
[WhiteFideId "-1"]
[WhiteFideId "-1"]
[PlyCount "92"]
[GameId "2160767908347046"]
[EventDate "2017.09.05"]
[EventType "swiss"]
[EventRounds "4"]
[EventCountry "CAN"]
[SourceTitle "EXT 2022"]
[Source "ChessBase"]
[SourceDate "2021.10.06"]
[SourceVersion "1"]
[SourceVersionDate "2021.10.06"]
[SourceQuality "1"]

1. d4 e6 2. c4 b6 3. Nc3 Bb7 4. Nf3 Nf6 5. Bg5 Be7 6. e3 d5 7. cxd5 Nxd5 8. Bxe7 Qxe7 9. Bb5+ c6 10. Nxd5 exd5 11. Bd3 Nd7 12. O-O O-O 13. Qc2 h6 14. Rac1 Rac8 15. Qa4 a6 16. Rfe1 c5 17. Bf5 b5 18. Qd1 c4 19. Ne5 Nxe5 20. Bxc8 Nd3 21. Bxb7 Qxb7 22. Re2 Nxc1 23. Qxc1 Rc8 24. Qc2 Qb6 25. b4 a5 26. a3 axb4 27. axb4 Ra8 28. g3 Ra1+ 29. Kg2 Ra4 30. Qb1 Qd6 31. Rb2 g6 32. Qe1 Qe7 33. Qc3 Qe4+ 34. f3 Qe7 35. Kf2 Qa7 36. Qc2 Ra3 37. e4 Qxd4+ 38. Kg2 dxe4 39. fxe4 Re3 40. Ra2 Rxe4 41. Ra5 Qd5 42. Kg1 Re1+ 43. Kf2 Re5 44. Qc3 Rf5+ 45. Ke1 Qh1+ 46. Ke2 Qf1+ 0-1

[Event "Winnipeg TNT September op"]
[Site "Winnipeg CAN"]
[Date "2017.09.19"]
[Round "3"]
[White "Gannon, Keith"]
[Black "Sauddin, Ray"]
[Result "1-0"]
[WhiteElo "1567"]
[BlackElo "1362"]
[WhiteFideId "-1"]
[WhiteFideId "-1"]
[PlyCount "98"]
[GameId "2160767908347048"]
[EventDate "2017.09.05"]
[EventType "swiss"]
[EventRounds "4"]
[EventCountry "CAN"]
[SourceTitle "EXT 2022"]
[Source "ChessBase"]
[SourceDate "2021.10.06"]
[SourceVersion "1"]
[SourceVersionDate "2021.10.06"]
[SourceQuality "1"]

1. e4 c5 2. Nf3 d6 3. d4 cxd4 4. Nxd4 Nf6 5. Nc3 a6 6. Be2 e6 7. O-O Be7 8. Re1 O-O 9. a3 Nc6 10. Nxc6 bxc6 11. Bf3 e5 12. Bg5 h6 13. Bh4 g5 14. Bg3 g4 15. Be2 Kg7 16. Bh4 h5 17. Qc1 Nh7 18. Bxe7 Qxe7 19. Na4 Rb8 20. b4 h4 21. c4 Rg8 22. c5 dxc5 23. Qxc5 Qxc5 24. Nxc5 Ra8 25. Red1 a5 26. b5 cxb5 27. Bxb5 Kh8 28. Rd5 f6 29. Rad1 g3 30. hxg3 hxg3 31. f3 Ng5 32. Rd8 Rb8 33. Rxg8+ Kxg8 34. Rd8+ Kg7 35. a4 Nf7 36. Rd1 Rb6 37. Nb3 Nd6 38. Nxa5 Nxb5 39. axb5 Rxb5 40. Ra1 Rb2 41. Nc4 Rc2 42. Ne3 Re2 43. Nf1 Kg6 44. Nxg3 Rb2 45. Kh2 Kg5 46. Ra8 Bh3 47. Kxh3 Rb1 48. Rg8+ Kf4 49. Nh5+ Ke3 1-0

[Event "Winnipeg TNT September op"]
[Site "Winnipeg CAN"]
[Date "2017.09.19"]
[Round "3"]
[White "Kernetsky, Myron"]
[Black "Evans, Jason"]
[Result "1/2-1/2"]
[WhiteElo "2104"]
[BlackElo "1624"]
[WhiteFideId "-1"]
[WhiteFideId "-1"]
[PlyCount "108"]
[GameId "2160767908347049"]
[EventDate "2017.09.05"]
[EventType "swiss"]
[EventRounds "4"]
[EventCountry "CAN"]
[SourceTitle "EXT 2022"]
[Source "ChessBase"]
[SourceDate "2021.10.06"]
[SourceVersion "1"]
[SourceVersionDate "2021.10.06"]
[SourceQuality "1"]

1. d4 Nf6 2. c4 e6 3. Nf3 b6 4. a3 Ba6 5. Qc2 c5 6. dxc5 bxc5 7. Bg5 Be7 8. Nbd2 O-O 9. g3 h6 10. Bxf6 Bxf6 11. Bg2 Nc6 12. O-O Rb8 13. Rab1 Qb6 14. b3 Nd4 15. Nxd4 Bxd4 16. e3 Bf6 17. Rfd1 Bb7 18. Bxb7 Qxb7 19. Ne4 Be7 20. Nc3 a6 21. Rd2 f5 22. Qd1 d6 23. Qe2 Bf6 24. Na4 Qc6 25. Qd1 Rfd8 26. Rc1 Qb7 27. Rd3 Qc6 28. Rc2 Rb7 29. Rcd2 Rbd7 30. Qc2 Be7 31. Nc3 Bf6 32. Na4 Be7 33. Nc3 Bf6 34. Ne2 d5 35. cxd5 Rxd5 36. Nf4 Rxd3 37. Rxd3 Rxd3 38. Qxd3 g5 39. Ne2 Kf7 40. a4 Ke7 41. Qc4 Qd6 42. h3 Qd1+ 43. Kg2 Qd5+ 44. Qxd5 exd5 45. Kf1 Kd6 46. Ke1 d4 47. exd4 cxd4 48. Kd2 Kc5 49. Kc2 Kb4 50. Nc1 Ka3 51. Nd3 h5 52. Nc5 a5 53. Nd3 Bg7 54. Nc5 Be5 1/2-1/2

[Event "Winnipeg TNT September op"]
[Site "Winnipeg CAN"]
[Date "2017.09.19"]
[Round "3"]
[White "Letain, Cory"]
[Black "Magyar, Peter"]
[Result "1-0"]
[WhiteElo "1636"]
[BlackElo "1539"]
[WhiteFideId "-1"]
[WhiteFideId "-1"]
[PlyCount "109"]
[GameId "2160767908347050"]
[EventDate "2017.09.05"]
[EventType "swiss"]
[EventRounds "4"]
[EventCountry "CAN"]
[SourceTitle "EXT 2022"]
[Source "ChessBase"]
[SourceDate "2021.10.06"]
[SourceVersion "1"]
[SourceVersionDate "2021.10.06"]
[SourceQuality "1"]

1. e4 e6 2. d4 d5 3. exd5 exd5 4. Nf3 Nf6 5. c4 Be7 6. Bd3 O-O 7. O-O Bg4 8. Nc3 c6 9. Bg5 Nbd7 10. Re1 Bd6 11. cxd5 Qc7 12. h3 Bh5 13. dxc6 bxc6 14. Rc1 Bg6 15. Bxg6 fxg6 16. Nb5 Qb8 17. Qb3+ Kh8 18. Rxc6 Bf4 19. Bxf4 Qxf4 20. Qe3 Qxe3 21. Rxe3 Nd5 22. Rb3 Nf4 23. Rc7 Nf6 24. Nxa7 N6d5 25. Rd7 Nf6 26. Rdb7 h6 27. a3 Rad8 28. Nc6 Rde8 29. Re7 Rc8 30. Nfe5 N6d5 31. Reb7 Kh7 32. g3 Nxh3+ 33. Kg2 Nxf2 34. Rf3 Ne4 35. Rxf8 Rxf8 36. Rf7 Ne3+ 37. Kf3 Ng5+ 38. Kxe3 Nxf7 39. Nxf7 Rxf7 40. d5 Kg8 41. a4 Rd7 42. Ke4 h5 43. a5 g5 44. a6 Rf7 45. a7 Rf8 46. Nb8 h4 47. a8=Q hxg3 48. Qa3 Rf4+ 49. Ke5 Rg4 50. Qf3 Rf4 51. Qxg3 g6 52. d6 Kf7 53. d7 Rf5+ 54. Kd6 Rf6+ 55. Kc7 1-0

[Event "Winnipeg TNT September op"]
[Site "Winnipeg CAN"]
[Date "2017.09.19"]
[Round "3"]
[White "Patel, Aalekh"]
[Black "Marshall, Ken"]
[Result "1/2-1/2"]
[WhiteElo "1391"]
[BlackElo "1516"]
[WhiteFideId "-1"]
[WhiteFideId "-1"]
[PlyCount "34"]
[GameId "2160767908347051"]
[EventDate "2017.09.05"]
[EventType "swiss"]
[EventRounds "4"]
[EventCountry "CAN"]
[SourceTitle "EXT 2022"]
[Source "ChessBase"]
[SourceDate "2021.10.06"]
[SourceVersion "1"]
[SourceVersionDate "2021.10.06"]
[SourceQuality "1"]

1. e4 e5 2. Nf3 Nc6 3. Bc4 Bc5 4. c3 d6 5. d4 exd4 6. cxd4 Bb6 7. Ng5 Qf6 8. Nf3 Nxd4 9. Nxd4 Bxd4 10. O-O Bxb2 11. Bxb2 Qxb2 12. Nd2 Qf6 13. f4 Be6 14. e5 dxe5 15. fxe5 Qg6 16. Qb3 Ne7 17. Bxe6 Qxe6 1/2-1/2

[Event "Winnipeg TNT September op"]
[Site "Winnipeg CAN"]
[Date "2017.09.19"]
[Round "3"]
[White "Piche, Zachary"]
[Black "Remillard, John"]
[Result "0-1"]
[WhiteElo "1393"]
[BlackElo "1624"]
[WhiteFideId "-1"]
[WhiteFideId "-1"]
[PlyCount "122"]
[GameId "2160767908347052"]
[EventDate "2017.09.05"]
[EventType "swiss"]
[EventRounds "4"]
[EventCountry "CAN"]
[SourceTitle "EXT 2022"]
[Source "ChessBase"]
[SourceDate "2021.10.06"]
[SourceVersion "1"]
[SourceVersionDate "2021.10.06"]
[SourceQuality "1"]

1. Nf3 b6 2. g3 Bb7 3. Bg2 e5 4. d3 Bc5 5. O-O Qe7 6. c4 Nf6 7. Nc3 O-O 8. a3 e4 9. dxe4 Nxe4 10. Nxe4 Bxe4 11. b4 Bd6 12. Bb2 c6 13. Qd4 f6 14. Rfd1 Bc7 15. h4 d5 16. cxd5 Bxd5 17. g4 Rd8 18. Qc3 Nd7 19. Rxd5 cxd5 20. Qxc7 Qxe2 21. Qc3 Rac8 22. Qd4 Kf8 23. g5 Ne5 24. Nxe5 fxe5 25. Qxe5 Qxe5 26. Bxe5 d4 27. Rd1 d3 28. Bf4 Rc4 29. Be3 Rxh4 30. Bf1 d2 31. Rxd2 Rxd2 32. Bxd2 Rd4 33. Be3 Rd1 34. Kg2 Ra1 35. Bd3 g6 36. Kg3 Rxa3 37. Be2 Rb3 38. b5 Rb4 39. Bf4 Rb3+ 40. Be3 Kg7 41. Kf4 h5 42. gxh6+ Kxh6 43. Kg4+ Kg7 44. Bd4+ Kh7 45. Kf4 Rb4 46. Ke5 g5 47. Be3 Kg6 48. Kd6 Kf5 49. Kc7 g4 50. Kb7 Rb2 51. Bd3+ Ke5 52. Kxa7 Rb3 53. Be2 g3 54. Bf1 gxf2 55. Bxb6 Rb1 56. Bc7+ Kd5 57. b6 Rxf1 58. Bg3 Ra1+ 59. Kb7 f1=Q 60. Kc7 Qf7+ 61. Kc8 Ra8+ 0-1

[Event "Winnipeg TNT September op"]
[Site "Winnipeg CAN"]
[Date "2017.09.19"]
[Round "3"]
[White "Rutter, Blair"]
[Black "Swift, Ryne"]
[Result "1/2-1/2"]
[WhiteElo "2025"]
[BlackElo "1944"]
[WhiteFideId "-1"]
[WhiteFideId "-1"]
[PlyCount "93"]
[GameId "2160767740940919"]
[EventDate "2017.09.05"]
[EventType "swiss"]
[EventRounds "4"]
[EventCountry "CAN"]

1. c4 c5 2. g3 g6 3. Bg2 Bg7 4. Nc3 Nc6 5. e4 e5 6. Nge2 Nge7 7. d3 d6 8. O-O O-O 9. Be3 Bd7 10. h3 Nd4 11. Kh2 a6 12. Rc1 b5 13. b3 b4 14. Bxd4 exd4 15. Nd5 Nxd5 16. exd5 Bh6 17. f4 a5 18. Rc2 Qc8 19. Ng1 a4 20. g4 axb3 21. axb3 Qd8 22. Ne2 g5 23. fxg5 Bxg5 24. Ng3 Bf6 25. Kh1 Be5 26. Nf5 Ra3 27. Rb2 Bxf5 28. Rxf5 f6 29. Be4 Rf7 30. Qd2 Ra1+ 31. Kg2 Qf8 32. Rh5 Raa7 33. Bf5 Kh8 34. Qf2 Rg7 35. Qh4 Qe7 36. Be4 Ra3 37. Qf2 Kg8 38. Qf5 Qd7 39. Qf3 Qa7 40. Qe2 Ra1 41. Qd2 Qa3 42. Rf5 Qa7 43. Rf2 Ra3 44. Bf5 Qa8 45. Kf3 Qa7 46. Ke4 Qe7 47. Be6+ {etc. Draw after 61 moves.} 1/2-1/2

[Event "Winnipeg TNT September op"]
[Site "Winnipeg CAN"]
[Date "2017.09.19"]
[Round "3"]
[White "Wolchock, Theo"]
[Black "Bince, Rolando"]
[Result "1/2-1/2"]
[WhiteElo "2056"]
[BlackElo "2027"]
[WhiteFideId "-1"]
[WhiteFideId "-1"]
[PlyCount "23"]
[GameId "2160767740940920"]
[EventDate "2017.09.05"]
[EventType "swiss"]
[EventRounds "4"]
[EventCountry "CAN"]

1. c4 Nf6 2. Nc3 e6 3. e4 Bb4 4. e5 Bxc3 5. dxc3 Ng8 6. Qg4 Kf8 7. Bf4 d5 8. O-O-O c6 9. Qe2 Qa5 10. Kb1 Ne7 11. g4 Bd7 12. Bg2 {etc. Draw after 30 moves.} 1/2-1/2

[Event "Winnipeg TNT September op"]
[Site "Winnipeg CAN"]
[Date "2017.09.26"]
[Round "4"]
[White "Abusaleh, Yazan"]
[Black "Furda, Evheniya Diana"]
[Result "0-1"]
[WhiteElo "996"]
[BlackElo "1637"]
[WhiteFideId "-1"]
[WhiteFideId "-1"]
[PlyCount "32"]
[GameId "2160767908347054"]
[EventDate "2017.09.05"]
[EventType "swiss"]
[EventRounds "4"]
[EventCountry "CAN"]
[SourceTitle "EXT 2022"]
[Source "ChessBase"]
[SourceDate "2021.10.06"]
[SourceVersion "1"]
[SourceVersionDate "2021.10.06"]
[SourceQuality "1"]

1. d4 Nf6 2. c4 g6 3. Nc3 Bg7 4. Nf3 d6 5. e3 O-O 6. Be2 Nbd7 7. O-O Re8 8. h3 c5 9. d5 Nb6 10. e4 e6 11. Bg5 exd5 12. cxd5 h6 13. Bh4 g5 14. Bg3 Nxe4 15. Nxe4 Rxe4 16. Qc2 Bf5 0-1

[Event "Winnipeg TNT September op"]
[Site "Winnipeg CAN"]
[Date "2017.09.26"]
[Round "4"]
[White "Bince, Rolando"]
[Black "Letain, Cory"]
[Result "1-0"]
[WhiteElo "1992"]
[BlackElo "1621"]
[WhiteFideId "-1"]
[WhiteFideId "-1"]
[PlyCount "83"]
[GameId "2160767908347055"]
[EventDate "2017.09.05"]
[EventType "swiss"]
[EventRounds "4"]
[EventCountry "CAN"]
[SourceTitle "EXT 2022"]
[Source "ChessBase"]
[SourceDate "2021.10.06"]
[SourceVersion "1"]
[SourceVersionDate "2021.10.06"]
[SourceQuality "1"]

1. c4 c5 2. Nc3 Nc6 3. g3 e5 4. Bg2 Nge7 5. d3 d6 6. Nf3 g6 7. Bg5 h6 8. Bf6 Rh7 9. O-O Be6 10. Nd2 Qd7 11. f4 Bh3 12. Nd5 Bxg2 13. Kxg2 Nxd5 14. cxd5 Ne7 15. e4 exf4 16. gxf4 Bg7 17. Bxg7 Rxg7 18. Nc4 f5 19. h4 O-O-O 20. Ne3 Rf8 21. Qf3 g5 22. Kh2 g4 23. Qg3 Qb5 24. Nc4 Qd7 25. Rae1 h5 26. Ne3 Qb5 27. Nc4 Qd7 28. Ne3 Qb5 29. Ng2 Qxb2 30. Rf2 Qd4 31. Rfe2 Ng6 32. Qe3 fxe4 33. Qxd4 cxd4 34. Rxe4 Rgf7 35. Kg3 Rf5 36. Rxd4 Kc7 37. Re6 R8f6 38. Rxf6 Rxf6 39. Ne3 Kb6 40. Re4 Kc5 41. f5 Ne5 42. d4+ 1-0

[Event "Winnipeg TNT September op"]
[Site "Winnipeg CAN"]
[Date "2017.09.26"]
[Round "4"]
[White "Einarsson, Ken"]
[Black "Reimer, Bruce"]
[Result "1-0"]
[WhiteElo "1774"]
[BlackElo "1697"]
[WhiteFideId "-1"]
[WhiteFideId "-1"]
[PlyCount "93"]
[GameId "2160767908347056"]
[EventDate "2017.09.05"]
[EventType "swiss"]
[EventRounds "4"]
[EventCountry "CAN"]
[SourceTitle "EXT 2022"]
[Source "ChessBase"]
[SourceDate "2021.10.06"]
[SourceVersion "1"]
[SourceVersionDate "2021.10.06"]
[SourceQuality "1"]

1. d4 d6 2. c4 g6 3. Nc3 Bg7 4. Nf3 a6 5. e4 Bg4 6. Be2 e5 7. d5 Nf6 8. h3 Bd7 9. Qb3 Qc8 10. O-O O-O 11. Be3 b5 12. cxb5 axb5 13. Bxb5 Bxh3 14. gxh3 Qxh3 15. Be2 Nbd7 16. Ng5 Qh4 17. Kg2 Ng4 18. Nb5 Bh6 19. Rh1 Nxe3+ 20. Qxe3 Qxg5+ 21. Qxg5 Bxg5 22. Nxc7 Rab8 23. b3 Rfc8 24. Nb5 Rb6 25. Na3 Bd2 26. Nc4 Rxc4 27. Bxc4 Nf6 28. f3 Nh5 29. Rxh5 gxh5 30. Rh1 f6 31. Rxh5 Rb7 32. Rh2 Be3 33. Kh3 h5 34. a4 Ra7 35. Kg2 Rg7+ 36. Kf1 Rg5 37. b4 Kh7 38. a5 Kh6 39. b5 Rg8 40. b6 Rb8 41. Rb2 Bd4 42. Rb1 h4 43. Kg2 Kh5 44. a6 Rg8+ 45. Kh1 Bxb6 46. Rxb6 Ra8 47. Rxd6 1-0

[Event "Winnipeg TNT September op"]
[Site "Winnipeg CAN"]
[Date "2017.09.26"]
[Round "4"]
[White "Magyar, Peter"]
[Black "Patel, Aalekh"]
[Result "0-1"]
[WhiteElo "1457"]
[BlackElo "1575"]
[WhiteFideId "-1"]
[WhiteFideId "-1"]
[PlyCount "68"]
[GameId "2160767908347057"]
[EventDate "2017.09.05"]
[EventType "swiss"]
[EventRounds "4"]
[EventCountry "CAN"]
[SourceTitle "EXT 2022"]
[Source "ChessBase"]
[SourceDate "2021.10.06"]
[SourceVersion "1"]
[SourceVersionDate "2021.10.06"]
[SourceQuality "1"]

1. d4 Nf6 2. Bf4 e6 3. Nf3 c5 4. c3 d6 5. h3 cxd4 6. cxd4 Nc6 7. e3 Bd7 8. a3 Qa5+ 9. Nbd2 Qb6 10. Rb1 d5 11. Be2 Be7 12. O-O O-O 13. b4 Rac8 14. Bd3 Nh5 15. Bh2 f5 16. Ne5 Nxe5 17. dxe5 g6 18. Be2 Ng7 19. Bf4 g5 20. Bh2 Bb5 21. Nf3 Bxe2 22. Qxe2 g4 23. hxg4 fxg4 24. Nd4 h5 25. Bf4 Rxf4 26. exf4 Qxd4 27. g3 Nf5 28. Kh2 Rc3 29. Qb5 Rf3 30. Qe2 Rxa3 31. Rfd1 Qc4 32. Qe1 Nd4 33. Qh1 Nf3+ 34. Qxf3 Rxf3 0-1

[Event "Winnipeg TNT September op"]
[Site "Winnipeg CAN"]
[Date "2017.09.26"]
[Round "4"]
[White "Marshall, Carter"]
[Black "Gannon, Keith"]
[Result "1-0"]
[WhiteElo "1485"]
[BlackElo "1507"]
[WhiteFideId "-1"]
[WhiteFideId "-1"]
[PlyCount "79"]
[GameId "2160767908347058"]
[EventDate "2017.09.05"]
[EventType "swiss"]
[EventRounds "4"]
[EventCountry "CAN"]
[SourceTitle "EXT 2022"]
[Source "ChessBase"]
[SourceDate "2021.10.06"]
[SourceVersion "1"]
[SourceVersionDate "2021.10.06"]
[SourceQuality "1"]

1. e4 c5 2. Nf3 d6 3. d4 cxd4 4. Nxd4 Nf6 5. Nc3 Bd7 6. Bc4 Nc6 7. f3 e6 8. Be3 Be7 9. Nxc6 Bxc6 10. Qd2 O-O 11. h4 d5 12. Bb5 dxe4 13. Bxc6 Qxd2+ 14. Bxd2 bxc6 15. Nxe4 Nxe4 16. fxe4 Bf6 17. O-O-O Rab8 18. b3 h5 19. Bf4 e5 20. Be3 Rb7 21. Rd6 Rc8 22. Bg5 Bxg5+ 23. hxg5 g6 24. Rhd1 Kg7 25. Rd7 Rcb8 26. R1d6 Rxd7 27. Rxd7 Rb4 28. c4 a5 29. Re7 a4 30. Kc2 axb3+ 31. axb3 Rb6 32. Rxe5 Ra6 33. Kb2 Ra7 34. Rc5 Re7 35. e5 Rd7 36. Kc3 Rd1 37. Rxc6 Rg1 38. Rc7 Rxg2 39. e6 Rxg5 40. Rxf7+ 1-0

[Event "Winnipeg TNT September op"]
[Site "Winnipeg CAN"]
[Date "2017.09.26"]
[Round "4"]
[White "Remillard, John"]
[Black "Leaden, Bruce"]
[Result "0-1"]
[WhiteElo "1624"]
[BlackElo "1454"]
[WhiteFideId "-1"]
[WhiteFideId "-1"]
[PlyCount "72"]
[GameId "2160767908347059"]
[EventDate "2017.09.05"]
[EventType "swiss"]
[EventRounds "4"]
[EventCountry "CAN"]
[SourceTitle "EXT 2022"]
[Source "ChessBase"]
[SourceDate "2021.10.06"]
[SourceVersion "1"]
[SourceVersionDate "2021.10.06"]
[SourceQuality "1"]

1. Nf3 e6 2. g3 f5 3. Bg2 Nf6 4. b3 Be7 5. Bb2 O-O 6. d4 d6 7. Nbd2 Ne4 8. e3 Bf6 9. Nxe4 fxe4 10. Nd2 d5 11. c4 a5 12. cxd5 exd5 13. Ba3 Be7 14. Qc1 Ra6 15. Bxe7 Qxe7 16. Qb2 Rc6 17. a3 Qf7 18. O-O Rh6 19. f4 b6 20. Rac1 Qh5 21. h4 Qg4 22. Nxe4 dxe4 23. Qf2 Ba6 24. Rfe1 Bd3 25. Rxc7 Rc8 26. Rec1 Rxc7 27. Rxc7 Rc6 28. Re7 Qc8 29. Kh2 Qf8 30. Re5 Nd7 31. Rg5 Rc2 32. Qe1 Qxa3 33. f5 Qxb3 34. h5 h6 35. Rg4 Qb2 36. Qg1 a4 0-1

[Event "Winnipeg TNT September op"]
[Site "Winnipeg CAN"]
[Date "2017.09.26"]
[Round "4"]
[White "Sauddin, Ray"]
[Black "Piche, Zachary"]
[Result "1-0"]
[WhiteElo "1362"]
[BlackElo "1393"]
[WhiteFideId "-1"]
[WhiteFideId "-1"]
[PlyCount "79"]
[GameId "2160767908347060"]
[EventDate "2017.09.05"]
[EventType "swiss"]
[EventRounds "4"]
[EventCountry "CAN"]
[SourceTitle "EXT 2022"]
[Source "ChessBase"]
[SourceDate "2021.10.06"]
[SourceVersion "1"]
[SourceVersionDate "2021.10.06"]
[SourceQuality "1"]

1. e4 c5 2. Nf3 d6 3. d4 cxd4 4. Nxd4 Nf6 5. Nc3 a6 6. Bd3 e5 7. Nde2 Be7 8. O-O Be6 9. Kh1 O-O 10. f4 Nc6 11. f5 Bd7 12. Ng3 Qb6 13. Bg5 Rac8 14. Bxf6 Bxf6 15. Nd5 Qd8 16. Qg4 Kh8 17. Nh5 Rg8 18. Qd1 Bg5 19. f6 g6 20. Ng3 Be6 21. Qf3 Bxd5 22. exd5 Nd4 23. Qf2 Qa5 24. Ne4 Bf4 25. Nxd6 Qxd5 26. Nxc8 Rxc8 27. c4 Qe6 28. Qh4 Nf5 29. Bxf5 Qxf5 30. b3 Qe4 31. Rae1 Qc6 32. Rd1 b5 33. Rd5 bxc4 34. Rfd1 h5 35. Rd6 Qb5 36. Qh3 Rf8 37. Qd7 Qc5 38. Rc6 Qe3 39. bxc4 a5 40. Rc8 1-0

[Event "Winnipeg TNT September op"]
[Site "Winnipeg CAN"]
[Date "2017.09.26"]
[Round "4"]
[White "Swift, Ryne"]
[Black "Wolchock, Theo"]
[Result "1-0"]
[WhiteElo "1976"]
[BlackElo "2056"]
[WhiteFideId "-1"]
[WhiteFideId "-1"]
[PlyCount "101"]
[GameId "2160767908347061"]
[EventDate "2017.09.05"]
[EventType "swiss"]
[EventRounds "4"]
[EventCountry "CAN"]
[SourceTitle "EXT 2022"]
[Source "ChessBase"]
[SourceDate "2021.10.06"]
[SourceVersion "1"]
[SourceVersionDate "2021.10.06"]
[SourceQuality "1"]

1. e4 c5 2. Nf3 g6 3. d4 cxd4 4. Nxd4 Bg7 5. Be3 Nc6 6. Nc3 Nf6 7. Qd2 O-O 8. O-O-O Ng4 9. Nb3 Nxe3 10. Qxe3 d6 11. f3 Bd7 12. Kb1 Rc8 13. Ne2 b5 14. Ned4 Qb6 15. Qd2 b4 16. Nxc6 Rxc6 17. Nd4 Rc7 18. b3 Rfc8 19. Bc4 Rxc4 20. bxc4 Rxc4 21. Nb3 Be6 22. Rhe1 Qc7 23. Re2 a5 24. e5 a4 25. Nd4 b3 26. axb3 axb3 27. cxb3 Rc3 28. Kb2 Rc5 29. Nxe6 fxe6 30. f4 dxe5 31. Qd8+ Kf7 32. Qxc7 exf4+ 33. Ka3 Rxc7 34. b4 e5 35. b5 Rb7 36. Kb4 e6 37. Kc5 e4 38. Rxe4 Bc3 39. Rxf4+ Kg7 40. Kc6 Rb8 41. b6 Be5 42. Rd7+ Kh6 43. Rh4+ Kg5 44. Rhxh7 Rc8+ 45. Rc7 Bxc7 46. b7 Rf8 47. Kxc7 Rf2 48. b8=Q Rc2+ 49. Kd8 e5 50. Qxe5+ Kg4 51. h3# 1-0

[Event "Winnipeg TNT September op"]
[Site "Winnipeg CAN"]
[Date "2017.09.26"]
[Round "4"]
[White "Trueman, Francis"]
[Black "Kernetsky, Myron"]
[Result "0-1"]
[WhiteElo "1401"]
[BlackElo "2104"]
[WhiteFideId "-1"]
[WhiteFideId "-1"]
[PlyCount "26"]
[GameId "2160767740940922"]
[EventDate "2017.09.05"]
[EventType "swiss"]
[EventRounds "4"]
[EventCountry "CAN"]

1. e4 e6 2. d3 d5 3. Nd2 Nf6 4. Ngf3 Be7 5. g3 b6 6. Bg2 dxe4 7. dxe4 Ba6 8. c3 O-O 9. Qc2 Bd3 10. Qa4 Nbd7 11. Qc6 e5 12. Bf1 Bxf1 13. Nxf1 Nc5 {etc. Black won in 27 moves.} 0-1

[Event "Winnipeg TNT September op"]
[Site "Winnipeg CAN"]
[Date "2017.09.26"]
[Round "4"]
[White "Wiebe, Isaac"]
[Black "Rutter, Blair"]
[Result "0-1"]
[WhiteElo "2256"]
[BlackElo "2044"]
[WhiteFideId "-1"]
[WhiteFideId "-1"]
[PlyCount "65"]
[GameId "2160767908347062"]
[EventDate "2017.09.05"]
[EventType "swiss"]
[EventRounds "4"]
[EventCountry "CAN"]
[SourceTitle "EXT 2022"]
[Source "ChessBase"]
[SourceDate "2021.10.06"]
[SourceVersion "1"]
[SourceVersionDate "2021.10.06"]
[SourceQuality "1"]

1. d4 f5 2. e4 fxe4 3. Nc3 Nf6 4. Bg5 d5 5. Bxf6 exf6 6. Qh5+ g6 7. Qxd5 Bd6 8. Nxe4 Qe7 9. Be2 Nc6 10. Nxd6+ cxd6 11. c3 Bg4 12. Nf3 O-O-O 13. Kf1 Be6 14. Qb5 Qf7 15. Nd2 Rhe8 16. Bf3 d5 17. Nb3 Qc7 18. Nc5 Bf7 19. g3 a6 20. Qd3 h5 21. b4 Re7 22. Kg2 Rde8 23. Rhb1 g5 24. Qf5+ Kd8 25. Bxd5 Qd6 26. Nxb7+ Rxb7 27. Bxf7 Rxf7 28. b5 Ne7 29. Qf3 axb5 30. Rxb5 Qc6 31. Rb8+ Kd7 32. Qxc6+ Nxc6 33. Rb7+ 0-1

[Event "Winnipeg op"]
[Site "Winnipeg CAN"]
[Date "2017.06.06"]
[Round "1"]
[White "Baron, Gustav"]
[Black "Piche, Jeremie"]
[Result "1-0"]
[WhiteElo "2151"]
[BlackElo "1686"]
[WhiteFideId "-1"]
[WhiteFideId "-1"]
[PlyCount "61"]
[GameId "2160767908411226"]
[EventDate "2017.06.06"]
[EventType "swiss"]
[EventRounds "8"]
[EventCountry "CAN"]
[SourceTitle "EXT 2022"]
[Source "ChessBase"]
[SourceDate "2021.10.06"]
[SourceVersion "1"]
[SourceVersionDate "2021.10.06"]
[SourceQuality "1"]

1. d4 Nf6 2. c4 e6 3. g3 d5 4. Bg2 c5 5. Nf3 Nc6 6. dxc5 Bxc5 7. O-O O-O 8. Nbd2 a6 9. a3 Rb8 10. b4 Ba7 11. Bb2 dxc4 12. Nxc4 Nd5 13. Rc1 f6 14. Qb3 b5 15. Ncd2 Nce7 16. Rfd1 Qe8 17. Ne4 Nf5 18. Nc5 Nb6 19. e4 Nh6 20. Bf1 Na4 21. Bd4 Nxc5 22. Bxc5 Bxc5 23. Rxc5 Kh8 24. Bh3 e5 25. Bxc8 Rxc8 26. Kg2 Nf7 27. Rdc1 Rxc5 28. bxc5 Nd8 29. Qd5 Rf7 30. Rd1 Nc6 31. Qxc6 1-0